000 00899nam a2200277Ia 4500
999 _c41070
_d41070
001 7719
003 GE_BSU
005 20221116113353.0
008 181216s2005en xx |||||||||||||| ||eng||
020 _a3540761977.x
040 _cGE_BSU
041 _aeng
080 _a512.7 G-18
100 _aGareth, Jones.
_914684
245 _aElementary Number Theory /
_cJones Gareth, J.Mary, Jones : Advisory Board: P.J.Cameron,M.A.J.Chaplain,K.Erdman,and other.
260 _bLondon :
_aSpringer,
_c2005.
300 _a301 p;
_c23 cm.
440 _aSpringer Undergraduate Mathematics Series: ISSN 1615-2085.
_914670
541 _h74G.
653 _aElementary Number Theory.
653 _aელემენტარული რიცხვების თეორია.
700 _aJones, J.Mary
_914685
700 _aCameron, P.J
_914676
700 _aErdman, K.
_914686
942 _cBK
_2udc